| 000 | 01014 a2200181 4500 | ||
|---|---|---|---|
| 003 | Nust | ||
| 005 | 20170207153303.0 | ||
| 040 | _cNust | ||
| 082 | _a621.38412 | ||
| 100 | _aRCA | ||
| 245 |
_aRF power tranisitor manual _cRCA |
||
| 260 |
_aU.S.A _bSolid state division _c1960 |
||
| 300 |
_a176 p _billus _c24 cm |
||
| 505 | _aGeneral Consideration For Power Transistors (Page-3), Special Features Of High Frequency Power Circuits (Page-19), Design Consideration For High Frequency Power Circuits (Page-33), Design Techniques For RF Power Amplifiers (Page-42), Single Sideband Systems (Page-68), RF Amplifiers For Military Communications Systems (Page-85), Mobile And Marine Radio (Page-96), Commercial Aircraft Radio (Page-103), Community Antenna Television (Page-112), Microwave Power Amplifiers (Page-127), Microwave Power Oscillators (Page-151), Microwave Frequency Multipliers (Page-158), Microwave Systems (Page-171) | ||
| 538 | _aAlmirah No.39 Shelf No.5 | ||
| 600 | _aRCA | ||
| 650 | _aRF power tranisitor manual | ||
| 942 |
_2ddc _cBK |
||
| 999 |
_c183347 _d183347 |
||